000 00489nam a2200145Ia 4500
005 20251222151258.0
008 251222s9999||||xx |||||||||||||| ||spa||
020 _a9972670330197
082 _a475/T21
100 _aTapia, Mario E.
245 0 _aAgrobiodiversidad en los Andes
250 _a1ra.ed.
264 _bFriedrich Ebert Stiftung
942 _cLIB
999 _c22874
_d22874